Find Five: American Lit Quiz Stats

 Plays Quiz Updated Mar 3, 2019

Score 0/50 Timer 06:00
2 Plays Today
% Correct
A Farewell to Arms
91.4%
The Old Man and the Sea
89.9%
Adventures of Huckleberry Finn
89.6%
The Adventures of Tom Sawyer
89.4%
The Grapes of Wrath
88.5%
Carrie
87.6%
For Whom the Bell Tolls
86.7%
Of Mice and Men
86.7%
The Sun Also Rises
81.6%
Misery
80.9%
The Firm
79.9%
East of Eden
78.6%
Life on the Mississippi
78.3%
The Scarlet Letter
77.9%
The Pelican Brief
77.7%
A Connecticut Yankee in King Arthur's Court
77.5%
A Time to Kill
72.3%
Beloved
70.1%
The Stand
68.4%
Cannery Row
67%
A Wrinkle in Time
65.2%
The Dark Tower
64.1%
Pudd'nhead Wilson
60.9%
No Country for Old Men
58.8%
The House of the Seven Gables
58.5%
% Correct
The Road
57.7%
Under the Dome
54%
The Testament
53.6%
All the Pretty Horses
53.1%
A Wizard of Earthsea
52.6%
Song of Solomon
52.6%
The Bluest Eye
51%
A Wind in the Door
48.9%
A Swiftly Tilting Planet
48.2%
Blood Meridian
44.3%
Sula
39.3%
A Moveable Feast
39%
The Blithedale Romance
37%
The Arm of the Starfish
34.8%
The Left Hand of Darkness
33.9%
A Mercy
27.8%
The Marble Faun
25.4%
Fanshawe
22.9%
The Dispossessed
21.9%
Always Coming Home
21%
Lavinia
18.3%
Camino Island
17.2%
Many Waters
16.9%
In Dubious Battle
12.8%
Suttree
12.3%

You're not logged in!

Compare scores with friends on all Sporcle quizzes.
OR
Log In

You Might Also Like...

Show Comments

Extras

Top Quizzes Today


Score Distribution

Your Account Isn't Verified!

In order to create a playlist on Sporcle, you need to verify the email address you used during registration. Go to your Sporcle Settings to finish the process.

Report this User

Report this user for behavior that violates our Community Guidelines.

Details: